000 00495nam a2200181 a 4500
005 20140310183502.0
008 100324s19uu xx 00 eng d
020 _a9788126126927
050 _aTX 911.3
_b.Sa195 2006
100 _aSangar, J.P.
245 _aHotel management /
_cJ.P. Sangar.
260 _aNew Delhi, India :
_bAnmol Publications PVT. LTD,
_c2006.
300 _a416 p. :
_c22 cm.
521 _aTOU
650 _aHotel management.
942 _cBK
_2lcc
_kFOR
999 _c23935
_d23935